Le sphinx sans visage : notes d'un voyage en Egypte /
Saved in:
Main Author:
Format: Book
Language: French
Published:
Marseille :
F. Detaille,
1946.
Subjects:
Tags: Add Tag
No Tags, Be the first to tag this record!
Call Number: DT55 .B58 1946
| LEADER | 00563nam a2200181Ia 4500 | ||
|---|---|---|---|
| 003 | OSt | ||
| 005 | 20260326140250.0 | ||
| 008 | 211223s1946 fr af fre u | ||
| 040 | |c ARCE Library | ||
| 050 | 4 | |a DT55 .B58 1946 | |
| 100 | 1 | |a Bordeaux, Henry, |d 1870-1963, |e author | |
| 245 | 1 | 0 | |a Le sphinx sans visage : |b notes d'un voyage en Egypte / |c Henry Bordeaux. |
| 264 | 1 | |a Marseille : |b F. Detaille, |c 1946. | |
| 300 | |a 165 p., col. plates : |b ill. ; |c 25 cm. | ||
| 651 | 0 | |a Egypt |x Description and travel. | |
| 901 | |a reviewed | ||
| 942 | |2 lcc |c BK | ||
| 999 | |c 41156 |d 41156 | ||
